| 000 | 00509nam a22001577a 4500 | ||
|---|---|---|---|
| 008 | 131111s2013 ua |||||r|||| 000 0 eng d | ||
| 082 |
_222 _a617.600724 _bZAI |
||
| 100 |
_934441 _aEl Zainy, Medhat Ahmed |
||
| 245 |
_aAnimals in Dental Research / _cMedhat Ahmed El Zainy |
||
| 260 |
_aCairo: _bebad El rahman printing, _c2013 |
||
| 300 |
_a232 p. : _bcol. ill. ; _c29 cm. |
||
| 650 |
_934442 _aDentistry _xresearch |
||
| 650 |
_934443 _aDiseases _xAnimal models |
||
| 653 |
_bDent _cNovember2013 |
||
| 942 |
_2ddc _cDN |
||
| 999 |
_c17752 _d17724 |
||